VARS/DOS technicko-ekonomické plánování

Uložené v:
Podrobná bibliografia
Médium: Kniha
Jazyk:Czech
Vydavateľské údaje: Praha Kancelářské stroje 1983
Tagy: Pridať tag
Žiadne tagy, Buďte prvý, kto otaguje tento záznam!

MARC

LEADER 00000nam a2200000 4500
001 c132582
005 20041019155255.6
041 0 |a cze 
044 |a CZ 
245 1 0 |a VARS/DOS  |b technicko-ekonomické plánování 
264 1 |a Praha  |b Kancelářské stroje  |c 1983 
300 |a 21 s.